000 01417cam a22003614a 4500
001 12801567
003 OSt
005 20140310181628.0
008 020524s2003 nyua j 001 0 eng
010 _a 2002107388
020 _a0764124218 (pbk.)
040 _aDLC
_cDLC
_dDLC
041 1 _aeng
_hspa
042 _apcc
050 0 0 _aT 48
_b.P259 2006
082 0 0 _aREF 600
_bP21 2006
130 0 _aAtlas básico de tecnología.
_lEnglish
245 1 0 _aEssential atlas of technology /
_c[author, Parramón's Editorial Team ; text, Néstor Navarrete ; English translation by Eric A. Bye].
260 _aIndia :
_bSterling Publishers Private Limited,
_cc2006.
300 _a96 p. :
_bcol. ill. ;
_c28 cm.
500 _aIncludes index.
520 _a1. Technology--Juvenile literature.
521 _aBasic ed. students
541 _j1
562 _eFor circulation. 1 copy in the collection
650 0 _aTechnology
_vJuvenile literature.
700 1 _aNavarrete, Néstor.
710 2 _aParramón Ediciones.
_bEditorial Team.
856 4 2 _3Publisher description
_uhttp://www.loc.gov/catdir/description/barrons041/2002107388.html
906 _a7
_bcbc
_corignew
_d2
_eepcn
_f20
_gy-gencatlg
942 _2lcc
_cBK-GR
_kREF
999 _c392
_d392